Política y reforma en Costa Rica 1914 - 1958

Enregistré dans:
Détails bibliographiques
Auteur principal: Salazar, Jorge Mario
Format: Texte
Publié: San Pedro: Porvenir
Édition:2
Tags: Ajouter un tag
Pas de tags, Soyez le premier à ajouter un tag!

MARC

LEADER 00000 a a2200000 04500
001 24916
003
040
090 |a 175600  
100 |a Salazar, Jorge Mario  
245 |a Política y reforma en Costa Rica 1914 - 1958  
250 |a 2  
260 |a San Pedro:   |b Porvenir  
300 |a 253 p  
999 |c 12142  |d 12142